Blood sport : (Record no. 853)

MARC details
000 -LEADER
fixed length control field 00837cam a2200277 a 4500
005 - DATE AND TIME OF LATEST TRANSACTION
control field 20260322212036.0
008 - FIXED-LENGTH DATA ELEMENTS--GENERAL INFORMATION
fixed length control field data
010 ## - LIBRARY OF CONGRESS CONTROL NUMBER
LC control number 96006955
020 ## - INTERNATIONAL STANDARD BOOK NUMBER
International Standard Book Number 0684802309
020 ## - INTERNATIONAL STANDARD BOOK NUMBER
International Standard Book Number 9780684802305
040 ## - CATALOGING SOURCE
Original cataloging agency DLC
Transcribing agency DLC
Modifying agency DLC
043 ## - GEOGRAPHIC AREA CODE
Geographic area code n-us---
050 00 - LIBRARY OF CONGRESS CALL NUMBER
Classification number E886.2
Item number .S74 1996
082 00 - DEWEY DECIMAL CLASSIFICATION NUMBER
Classification number 973.929/092
Edition information 20
092 ## - LOCALLY ASSIGNED DEWEY CALL NUMBER (OCLC)
Classification number 973.929 S74 1996
001 - CONTROL NUMBER
control field data
100 1# - MAIN ENTRY--PERSONAL NAME
Personal name Stewart, James B.
245 10 - TITLE STATEMENT
Title Blood sport :
Remainder of title the president and his adversaries /
Statement of responsibility, etc. James B. Stewart.
260 ## - PUBLICATION, DISTRIBUTION, ETC.
Place of publication, distribution, etc. New York :
Name of publisher, distributor, etc. Simon & Schuster,
Date of publication, distribution, etc. c1996.
300 ## - PHYSICAL DESCRIPTION
Extent 479 p. :
Other physical details ill. ;
Dimensions 25 cm.
504 ## - BIBLIOGRAPHY, ETC. NOTE
Bibliography, etc. note Includes bibliographical references (p. 455-459) and index.
600 10 - SUBJECT ADDED ENTRY--PERSONAL NAME
Personal name Clinton, Bill,
Dates associated with a name 1946-
600 10 - SUBJECT ADDED ENTRY--PERSONAL NAME
Personal name Clinton, Hillary Rodham.
650 #0 - SUBJECT ADDED ENTRY--TOPICAL TERM
Topical term or geographic name entry element Whitewater Inquiry, 1993-2000.
651 #0 - SUBJECT ADDED ENTRY--GEOGRAPHIC NAME
Geographic name United States
General subdivision Politics and government
Chronological subdivision 1993-2001.
Holdings
Withdrawn status Lost status Damaged status Not for loan Home library Current library Shelving location Date acquired Total checkouts Full call number Barcode Date last seen Price effective from Koha item type
        Midway Midway General stacks 22/03/2026   973.929/092 20 BC0010878 22/03/2026 22/03/2026 Books